1595 1489 1571 1203 1716 1346 1585 1702 1877 1095 1010 1532 1195 1364 1270 1816 1991 1533 1059 1554 1447 1379 1274 1663 1374 1586 1173 1409 1578 1955 1557 1713 1076 1109 1981 1911 1563 1461 1370 1988 1882 1129 1692 1425 1310 1117 1150 1415 1075 1363 1188 1484 1562 1589 1068 1677 1150 1004 1344 1111 1809 1522 1059 1186 1462 1190 1823 1402 1620 1317 1566 1638 1801 1558 1071 1801 1900 1840 1260 1092 1576 1373 1959 1784 1765 1266 1096 1047 1546 1043 1275 1497 1166 1132 1363 1149 1508 1338 1297 BCNSPRNW ULIB Ver.6.0+V

เปลี่ยนเป็นภาษาไทย

Change to English
 แสดงรายละเอียดบรรณานุกรม
  กลับหน้าหลัก

Brief Record : Get Marc (ISO 2709) : E-mail record : QR code < ปิดหน้าต่าง
LEADER : 00000nam 2200000uu 4500
001    13399124552
003     ULIB
008    150920s2557||||th 000 0 tha d
020    ^a9786167741147
060 04 ^aWY100^bก492 ล.1
110 1  ^aมหาวิทยาลัยนวมินทราธิราช.^bคณะพยาบาลศาสตร์เกื้อการุณย์
245 00 ^aการพยาบาลพื้นฐาน ^nเล่ม 1. Fundamentals of nursing I/^cบรรณาธิการ, สุมาลี โพธิ์ทอง, แน่งน้อย สมเจริญ และ อภิสรา จังพานิช
250    ^aพิมพ์ครั้งที่ 1.
260    ^aกรุงเทพ :^bภาควิชาการบริหารการพยาบาลและพื้นฐานวิชาชีพ คณะพยาบาลศาสตร์เกื้อการุณย์ มหาวิทยาลัยนวมินทราธิราช,^c2557.
300    ^a182 หน้า :^bภาพประกอบ ;^c26 ซม.
500    ^aพื้นฐานการพยาบาล
505 0  ^aบทบาทหน้าที่ความรับผิดชอบของพยาบาลในระบบบริการสุขภาพและการตอบสนองความต้องการขั้นพื้นฐานของบุคคล 2.บทบาทพยาบาลในการป้องกันและการควบคุมการติดเชื้อ 3.การพยาบาลเพื่อตอบสนองความต้องการด้านความสุขสบายความปลอดภัยของผู้ป่วย การจัดสภาพแวดล้อมและการดูแลสุขวิทยาส่วนบุคคล 4.บทบาทพยาบาลเพื่อตอบสนองความต้องการด้านการเคลื่อนไหวและฟื้นฟูสภาพร่างกาย 5.บทบาทพยาบาลกับสัญญาณชีพ 6.การประเมินและการดูแลช่วยเหลือบุคคลที่มีปัญหาเกี่ยวกับการได้รับสารอาหารและน้ำ
650  4 ^aพยาบาล
650  4 ^aการพยาบาล, การบริการ
700 0  ^aสุมาลี โพธิ์ทอง,^eบรรณาธิการ
700 0  ^aแน่งน้อย สมเจริญ,^eบรรณาธิการ
700 0  ^aอภิสรา จังพานิช,^eบรรณาธิการ
945    ^p220^l0^i23130
945    ^p220^l0^i23129
945    ^p220^l0^i23128
945    ^p220^l0^i23127
945    ^p220^l0^i23126
945    ^p220^l0^i23125
945    ^p220^l0^i23124
945    ^p220^l0^i23123
945    ^p220^l0^i23122
945    ^p220^l0^i23121
999    ^aทศพร เกษรทอง
รายการนี้ยังไม่มีแท็ก
คุณยังไม่ได้ล็อกอิน คุณสามารถมีกิจกรรมร่วมกับเว็บไซต์ได้ แต่ต้องล็อกอินก่อน ::
  ล็อกอิน

รายการสื่อสารสนเทศ

ลำดับที่ ประเภท เลขเรียก/บาร์โค้ด สถานที่ สถานะ
1. Book การพยาบาล
Book การพยาบาล
สถานะ=หนังสือเก่า
WY100 ก492 ล.1 ฉ.1 
  Barcode: 23121
ห้องสมุดวิทยาเขตนครสวรรค์
►ส่วนจัดเก็บหนังสือเก่า นว.
บนชั้น
  ขอยืม
2. Book การพยาบาล
Book การพยาบาล
สถานะ=หนังสือเก่า
WY100 ก492 ล.1 ฉ.10 
  Barcode: 23130
ห้องสมุดวิทยาเขตนครสวรรค์
►ส่วนจัดเก็บหนังสือเก่า นว.
บนชั้น
  ขอยืม
3. Book การพยาบาล
Book การพยาบาล
สถานะ=หนังสือเก่า
WY100 ก492 ล.1 ฉ.2 
  Barcode: 23122
ห้องสมุดวิทยาเขตนครสวรรค์
►ส่วนจัดเก็บหนังสือเก่า นว.
บนชั้น
  ขอยืม
4. Book การพยาบาล
Book การพยาบาล
สถานะ=หนังสือเก่า
WY100 ก492 ล.1 ฉ.3 
  Barcode: 23123
ห้องสมุดวิทยาเขตนครสวรรค์
►ส่วนจัดเก็บหนังสือเก่า นว.
บนชั้น
  ขอยืม
5. Book การพยาบาล
Book การพยาบาล
สถานะ=หนังสือเก่า
WY100 ก492 ล.1 ฉ.4 
  Barcode: 23124
ห้องสมุดวิทยาเขตนครสวรรค์
►ส่วนจัดเก็บหนังสือเก่า นว.
บนชั้น
  ขอยืม
6. Book การพยาบาล
Book การพยาบาล
สถานะ=หนังสือเก่า
WY100 ก492 ล.1 ฉ.5 
  Barcode: 23125
ห้องสมุดวิทยาเขตนครสวรรค์
►ส่วนจัดเก็บหนังสือเก่า นว.
บนชั้น
  ขอยืม
7. Book การพยาบาล
Book การพยาบาล
สถานะ=หนังสือเก่า
WY100 ก492 ล.1 ฉ.6 
  Barcode: 23126
ห้องสมุดวิทยาเขตนครสวรรค์
►ส่วนจัดเก็บหนังสือเก่า นว.
บนชั้น
  ขอยืม
8. Book การพยาบาล
Book การพยาบาล
สถานะ=หนังสือเก่า
WY100 ก492 ล.1 ฉ.7 
  Barcode: 23127
ห้องสมุดวิทยาเขตนครสวรรค์
►ส่วนจัดเก็บหนังสือเก่า นว.
บนชั้น
  ขอยืม
9. Book การพยาบาล
Book การพยาบาล
สถานะ=หนังสือเก่า
WY100 ก492 ล.1 ฉ.8 
  Barcode: 23128
ห้องสมุดวิทยาเขตนครสวรรค์
►ส่วนจัดเก็บหนังสือเก่า นว.
บนชั้น
  ขอยืม
10. Book การพยาบาล
Book การพยาบาล
สถานะ=หนังสือเก่า
WY100 ก492 ล.1 ฉ.9 
  Barcode: 23129
ห้องสมุดวิทยาเขตนครสวรรค์
►ส่วนจัดเก็บหนังสือเก่า นว.
บนชั้น
  ขอยืม

รายการใกล้เคียง
    หัวเรื่อง [พยาบาล]
    หัวเรื่อง [การพยาบาล, การบริการ]

BibComment


ยังไม่เคยถูกคอมเมนท์

คอมเมนท์ทรัพยากรรายการนี้
  คอมเมนท์: การพยาบาลพื้นฐาน..


 Copyright 2026. Bcnsprnw @Library